01158cam a22003135a 4500001001000000003000400010005001700014008004100031020003000072040002600102082002400128100002800152245009800180250004300278260004600321300004000367500002300407500002200430504004000452650003700492650003300529651001000562653002000572655002400592700002700616942002400643999001700667952016000684016631451OSt20150519123111.0140217s2014 nyua frbd 001 0 eng d a9780071326476 (paperback) aUkbengcUkdEG-ScBUE04222a302.201154bWES1 aWest, Richard L.93802900aIntroducing communication theory :banalysis and application /cRichard West, Lynn H. Turner. a5th ed., McGraw-Hill international ed. aNew York :bMcGraw-Hill Education,c2014. a[Various pagings] :bill. ;c24 cm. aIncludes glossary. aIncludes indexes. aInduces bibliographical references. 72BUEshaInformation theory.93495 7aCommunication.9134762BUEsh 2BUEsh bCOMAMEcMay2015 vreading book9342321 aTurner, Lynn H.938028 2ddck302.201154 WES c19371d19343 00102ddc40708AlahramaMAINbMAINc1STd2015-05-19epurchaseg299.00h312l6m10o302.201154 WESp000038237r2025-07-15 00:00:00s2020-11-05v373.75yBB